| 000 | 00891nas a2200289 4500 | ||
|---|---|---|---|
| 001 | BR0504376 | ||
| 003 | BR-BrBNA | ||
| 005 | 20231205105555.0 | ||
| 007 | ta | ||
| 008 | 230509b bl.|||p| |||| 00| 00por d | ||
| 040 |
_aBR-BrBNA _bpor _cBiblioteca Nacional de Agricultura |
||
| 041 | _a(Pt) | ||
| 072 | _aF03 | ||
| 100 | 1 | _aOliveira, L.M. de | |
| 100 | 1 | _aCarvalho, M.L.M. de | |
| 100 | 1 | _aDavide, A.C. | |
| 245 | 1 | _aTeste de tretazólio para avaliação da qualidade de sementes de Peltophora dubium (Sprengel)Taubert, Leguminosae Caesalpinioideae | |
| 650 | _aÁRVORE FLORESTAL | ||
| 650 | _aSEMENTE | ||
| 650 | _aCANAFISTULA | ||
| 650 | _aTESTE DE TRETAZOLIO | ||
| 650 | _aQUALIDADE | ||
| 650 | _aCERRADO | ||
| 773 | 0 |
_tCerne (Brazil) _xISSN 0104-7760 _g(Apr-Jun 2005), v. 11(2) p. 159-166 _wBR0504376 |
|
| 909 |
_a202311 _bLúcia _c55 _dLúcia Elande |
||
| 942 |
_2AGRIS _n0 _cANA |
||
| 999 |
_c183622 _d183622 |
||